Pročnost´ i ustojčivost´ betonnych konstrukcij /

Uložené v:
Podrobná bibliografia
Hlavný autor: Gornov, Vitalij Nikolajevič (Author)
Médium: Kniha
Jazyk:Russian
Vydané: Moskva : Gosstrojizdat, 1957.
Vydanie:1. izd.
ISBN: (brož.)
Fyzický popis: 120 s.
Tagy: Pridať tag
Žiadne tagy, Buďte prvý kto otaguje tento záznam!

MARC

LEADER 00000nam a22000004a 4500
001 000581069
005 20180522171405.0
008 180522 1957 ru e 0 rus d
020 |a (brož.)  |c Kčs 5,45 
040 |a SVKKK  |b slo  |c SVKKK  |e AACR2 
041 0 |a rus 
044 0 |a ru  |c RU 
100 1 |a Gornov, Vitalij Nikolajevič  |4 aut 
245 1 0 |a Pročnost´ i ustojčivost´ betonnych konstrukcij /  |c V. N. Gornov. 
250 |a 1. izd. 
260 |a Moskva :  |b Gosstrojizdat,  |c 1957. 
300 |a 120 s. 
500 |a Bibliografia 
910 |a svkkk 
998 |a BK 
090 |g SCKHL  |k Sklad Pribinova 2. posch.  |a III.75059  |j 149110  |i 2720538046  |4 Vyradená  |s Vyradená